<?xml version="1.0" encoding="UTF-8"?>
<record
    xmlns:xsi="http://www.w3.org/2001/XMLSchema-instance"
    xsi:schemaLocation="http://www.loc.gov/MARC21/slim http://www.loc.gov/standards/marcxml/schema/MARC21slim.xsd"
    xmlns="http://www.loc.gov/MARC21/slim">

  <leader>00958nam a2200241Ia 4500</leader>
  <controlfield tag="003">IN-BaIIA</controlfield>
  <controlfield tag="008">211028s9999    xx            000 0 eng d</controlfield>
  <datafield tag="040" ind1=" " ind2=" ">
    <subfield code="c">IIA Library</subfield>
  </datafield>
  <datafield tag="080" ind1=" " ind2=" ">
    <subfield code="a">520.2(082.2)</subfield>
    <subfield code="b">ESO</subfield>
  </datafield>
  <datafield tag="111" ind1=" " ind2=" ">
    <subfield code="a">ESA/ESO Workshop on&#xA0;Astronomical&#xA0;Uses&#xA0;of the&#xA0;Space&#xA0;Telescope</subfield>
    <subfield code="c">Switzerland</subfield>
    <subfield code="d">1982 Mar. 29- Apr. 30</subfield>
    <subfield code="9">12557</subfield>
  </datafield>
  <datafield tag="245" ind1=" " ind2="0">
    <subfield code="a">Astronomical uses of the space telescope</subfield>
    <subfield code="b">proceedings of ESA/ ESO workshop held at Geneva, Switzerland, 12-14 February 1979</subfield>
    <subfield code="c">edited by F. Macchetto, F. Pacini and M. Tarenghi.</subfield>
  </datafield>
  <datafield tag="260" ind1=" " ind2=" ">
    <subfield code="a">Germany</subfield>
    <subfield code="b">European Space Agency</subfield>
    <subfield code="c">1979</subfield>
  </datafield>
  <datafield tag="300" ind1=" " ind2=" ">
    <subfield code="a">xx, 407p.</subfield>
  </datafield>
  <datafield tag="490" ind1=" " ind2=" ">
    <subfield code="a">ESO coference proceedings</subfield>
  </datafield>
  <datafield tag="650" ind1=" " ind2=" ">
    <subfield code="a">Astronomical instrumentation</subfield>
    <subfield code="9">3629</subfield>
  </datafield>
  <datafield tag="650" ind1=" " ind2=" ">
    <subfield code="a">Astronomy and astrophysics thesaurus</subfield>
  </datafield>
  <datafield tag="650" ind1=" " ind2=" ">
    <subfield code="a">Space telescope</subfield>
    <subfield code="9">12558</subfield>
  </datafield>
  <datafield tag="700" ind1=" " ind2=" ">
    <subfield code="a">Macchetto, F., ed.</subfield>
    <subfield code="9">12559</subfield>
  </datafield>
  <datafield tag="700" ind1=" " ind2=" ">
    <subfield code="a">Pacini, F., ed.</subfield>
    <subfield code="9">10101</subfield>
  </datafield>
  <datafield tag="700" ind1=" " ind2=" ">
    <subfield code="a">Tarenghi, M., ed.</subfield>
    <subfield code="9">11253</subfield>
  </datafield>
  <datafield tag="710" ind1=" " ind2=" ">
    <subfield code="a">European&#xA0;Space&#xA0;Agency</subfield>
    <subfield code="9">12560</subfield>
  </datafield>
  <datafield tag="942" ind1=" " ind2=" ">
    <subfield code="c">BK</subfield>
  </datafield>
  <datafield tag="999" ind1=" " ind2=" ">
    <subfield code="c">7325</subfield>
    <subfield code="d">7325</subfield>
  </datafield>
  <datafield tag="952" ind1=" " ind2=" ">
    <subfield code="0">0</subfield>
    <subfield code="1">0</subfield>
    <subfield code="4">0</subfield>
    <subfield code="7">0</subfield>
    <subfield code="a">BAN</subfield>
    <subfield code="b">BAN</subfield>
    <subfield code="c">GEN</subfield>
    <subfield code="d">1983-04-07</subfield>
    <subfield code="l">0</subfield>
    <subfield code="o">520.2(082.2)/ ESO</subfield>
    <subfield code="p">8132</subfield>
    <subfield code="r">2021-11-05</subfield>
    <subfield code="w">1983-04-07</subfield>
    <subfield code="y">BK</subfield>
  </datafield>
</record>
